| 000 | 01444nam a2200457 i 4500 | ||
|---|---|---|---|
| 001 | 30470 | ||
| 003 | KOSZ 005 | ||
| 005 | 20201013145825.0 | ||
| 008 | 991116s1982 pl a f |001 0 pol | ||
| 015 | _aUWD 1982/2782 | ||
| 020 | _a8301021306 | ||
| 035 | _a991011989799705066 | ||
| 035 | _a(PL-WaBN)b13251776-48omnis_nlop | ||
| 035 | _ab13251776 | ||
| 035 | _a(OCoLC)69302133 | ||
| 035 | _a(PL)b0000001325177 | ||
| 035 | _a(EXLNZ-48OMNIS_NETWORK)9910016275305606 | ||
| 040 |
_aWA N _cWA N _dKOSZ 005/EG |
||
| 041 | 0 | _apol | |
| 080 | _a159.9 | ||
| 080 | _a316 | ||
| 100 | 1 |
_aMika, Stanisław _d(1931-2017) _eAutor |
|
| 245 | 1 | 0 |
_aPsychologia społeczna / _cStanisław Mika. |
| 250 | _aWyd. 4. | ||
| 260 |
_aWarszawa : _bPańst. Wydaw. Naukowe, _c1982. |
||
| 300 |
_a558, [2] s. : _bil. tab. wykr. ; _c21 cm. |
||
| 336 |
_aTekst _btxt _2rdacontent |
||
| 337 |
_aBez urządzenia pośredniczącego _bn _2rdamedia |
||
| 338 |
_aWolumin _bnc _2rdacarrier |
||
| 380 | _aKsiążki | ||
| 388 | _a1901-2000 | ||
| 388 | _a1989-2000 | ||
| 504 | _aBibliogr. s. 525-544. - Indeksy. | ||
| 650 | 7 |
_aPsychologia społeczna _2DBN |
|
| 658 | _aPsychologia | ||
| 658 | _aSocjologia i społeczeństwo | ||
| 710 | 2 |
_aPaństwowe Wydawnictwo Naukowe _4pbl |
|
| 856 |
_uhttp://koha.tu.koszalin.pl/cgi-bin/koha/opac-detail.pl?biblionumber=30470 _yKatalog online BPK |
||
| 942 |
_2UKD _cKS |
||
| 999 |
_c30470 _d30470 |
||